Liber amicorum

Saved in:
Bibliografiske detaljer
Hovedforfatter: Bruna, Dick (Author)
Format: Bog
Sprog:nederlandsk
Udgivet: Stueendrukkerij de Jong 1971
Fag:
Tags: Tilføj Tag
Ingen Tags, Vær først til at tagge denne postø!

MARC

LEADER 00000nam a2200000 a 4500
001 UCY1671
003 CL-VaPUC
008 940912e19710000NE |||||||||||||||||dut|d
082 0 4 |a 769.5  |b BRU  |2 21 
100 0 |a Bruna, Dick  |e author  |9 329678 
245 1 0 |a Liber amicorum 
300 |a 100 p 
942 |c BK 
945 |d 19940912 00:00:00  |a oaravena 
260 |b Stueendrukkerij de Jong  |c 1971 
650 0 |a Tarjetas postales  |9 329679 
583 |a last modification  |c 20120821 08:32:38  |k Rodrigo Vera 
999 |c 230305  |d 230303 
952 |0 0  |1 0  |4 0  |6 769_500000000000000_BRU_1971  |7 0  |8 A  |9 232457  |a BIBARQ  |b BIBARQ  |d 2019-11-15  |i 3009289  |o 769.5 BRU 1971  |p 3009289  |r 2025-01-20  |w 2019-11-15  |y BK  |k ARQ